| 000 | 01167cam a22002413a 4500 | ||
|---|---|---|---|
| 001 | 5979 | ||
| 003 | PGUSA | ||
| 005 | 20140828083127.0 | ||
| 008 | 040601s2004||||xxu|||||s|||||000 | eng d | ||
| 040 |
_aPGUSA _beng |
||
| 042 | _adc | ||
| 050 | 4 | _aDS | |
| 100 | 1 |
_aHearn, Lafcadio, _d1850-1904 |
|
| 245 | 1 | 0 |
_aJapan : _bAn Attempt at Interpretation _h[electronic resource] / _cLafcadio Hearn |
| 260 |
_bProject Gutenberg, _c2004 |
||
| 505 | 0 | _aDifficulties -- Strangeness and charm -- The ancient cult -- The religion of the home -- The Japanese family -- The communal cult -- Developments of Shinto -- Worship and purification -- The rule of the dead -- The introduction of Buddhism -- The higher Buddhism -- The social organization -- The rise of the military power -- The religion of loyalty -- The Jesuit peril -- Feudal integration -- The Shinto revival -- Survivals -- Modern restraints -- Official education -- Industrial danger -- Reflections. | |
| 506 | _aPublic domain in the USA. | ||
| 516 | _aElectronic text | ||
| 653 | _aJapan -- Civilization | ||
| 830 | 0 |
_aProject Gutenberg _v5979 |
|
| 856 | 4 | 0 | _uhttp://www.gutenberg.org/ebooks/5979 |
| 942 | _cEB | ||
| 999 |
_c235307 _d235307 |
||